000 00891nam a22002897a 4500
003 CHAP
005 20220329135447.0
008 971013s1970 r 00010 d
010 _a36874
011 _a37846
035 _a41966
040 _cCHAP
090 _aFolleto 1143
100 0 0 _aPapadakis, John.
_985310
245 _aClimates of the world
_b: their classification, similitudes, differences and geographic distribution
260 _aBuenos Aires :
_bEl autor,
_c1970
300 _a47 p.
590 _aBATCH-UPD
_b10
_c20130110
_lUCH01
_h1351
590 _aBATCH-UPD
_b10
_c20130410
_lUCH01
_h0847
590 _aBATCH-UPD
_b10
_c20130914
_lUCH01
_h0948
590 _aCONVERSION
_b10
_c20130109
_lUCH01
_h1321
650 1 4 _aClima
_xMéxico.
_923835
650 1 4 _aClimatologĂ­a.
_923864
901 _aBK
942 _cFOLL
949 _aFolleto 1143
_bBC
_cFOLL
_d-96448
_eTS1
_i41966
_mD
_si
999 _c36874
_d36874